Arab women in the field : studying your own society / (Record no. 9117)

MARC details
000 -LEADER
fixed length control field 01094nac a22002771u 4500
010 ## - LIBRARY OF CONGRESS CONTROL NUMBER
LC control number 88020018
020 ## - INTERNATIONAL STANDARD BOOK NUMBER
International Standard Book Number 081562445X (alk. paper)
020 ## - INTERNATIONAL STANDARD BOOK NUMBER
International Standard Book Number 0815624492 (pbk. : alk. paper)
020 ## - INTERNATIONAL STANDARD BOOK NUMBER
International Standard Book Number 9774242114 :
082 00 - DEWEY DECIMAL CLASSIFICATION NUMBER
Classification number 306.09174927
Item number ARA
090 ## - LOCALLY ASSIGNED LC-TYPE CALL NUMBER (OCLC); LOCAL CALL NUMBER (OCLC)
-- 9117
-- 9117
100 ## - MAIN ENTRY--PERSONAL NAME
Personal name 20080729
245 00 - TITLE STATEMENT
Title Arab women in the field : studying your own society /
Statement of responsibility, etc edited by Soraya Altorki and Camillia Fawzi El-Solh.
260 ## - PUBLICATION, DISTRIBUTION, ETC. (IMPRINT)
Place of publication, distribution, etc Egypt :
Name of publisher, distributor, etc The American University in Cairo Press,1989.
Date of publication, distribution, etc c1989.
300 ## - PHYSICAL DESCRIPTION
Extent xii, 184 p. ;
Dimensions 23 cm.
500 ## - GENERAL NOTE
General note Distributer: Al-Ahram
504 ## - BIBLIOGRAPHY, ETC. NOTE
Bibliography, etc Includes bibliographical references and index.
511 ## - PARTICIPANT OR PERFORMER NOTE
Participant or performer note Catalogued by: Sara
650 #0 - SUBJECT ADDED ENTRY--TOPICAL TERM
Topical term or geographic name as entry element Ethnology
General subdivision Fieldwork
Geographic subdivision Arab countries.
650 #0 - SUBJECT ADDED ENTRY--TOPICAL TERM
Topical term or geographic name as entry element Women anthropologists
Geographic subdivision Arab countries.
650 #0 - SUBJECT ADDED ENTRY--TOPICAL TERM
Topical term or geographic name as entry element Women
General subdivision Research
Geographic subdivision Arab countries.
700 1# - ADDED ENTRY--PERSONAL NAME
Personal name Altorki, Soraya.
700 1# - ADDED ENTRY--PERSONAL NAME
Personal name El-Solh, Camillia Fawzi.
942 ## - ADDED ENTRY ELEMENTS (KOHA)
Item type Book - Borrowing
Call number prefix 306.09174927ARA
Holdings
Withdrawn status Item status Damaged status Not for loan Home library Current library Shelving location Date acquired Source of acquisition Total Checkouts Total Renewals Full call number Barcode Date last seen Date last borrowed Koha item type
        Central Library Central Library First floor 08/04/2015 Purchase 9 21 306.09174927ARA 000011160 15/07/2025 09/12/2019 Book - Borrowing